<?xml version="1.0" encoding="UTF-8"?>
<record
    xmlns:xsi="http://www.w3.org/2001/XMLSchema-instance"
    xsi:schemaLocation="http://www.loc.gov/MARC21/slim http://www.loc.gov/standards/marcxml/schema/MARC21slim.xsd"
    xmlns="http://www.loc.gov/MARC21/slim">

  <leader>00338nam a2200133Ia 4500</leader>
  <controlfield tag="008">151001s9999||||xx |||||||||||||| ||und||</controlfield>
  <datafield tag="100" ind1=" " ind2=" ">
    <subfield code="a">&#x905;&#x930;&#x941;&#x923;  &#x936;&#x947;&#x935;&#x924;&#x947;</subfield>
  </datafield>
  <datafield tag="245" ind1=" " ind2=" ">
    <subfield code="a">&#x909;&#x930;&#x924;&#x93E;&#x924; &#x924;&#x94D;&#x92F;&#x93E; &#x906;&#x920;&#x935;&#x923;&#x940;</subfield>
  </datafield>
  <datafield tag="250" ind1=" " ind2=" ">
    <subfield code="a">1         </subfield>
  </datafield>
  <datafield tag="260" ind1=" " ind2=" ">
    <subfield code="b">&#x926;&#x93F;&#x932;&#x940;&#x92A;</subfield>
  </datafield>
  <datafield tag="260" ind1=" " ind2=" ">
    <subfield code="c">2002  </subfield>
  </datafield>
  <datafield tag="300" ind1=" " ind2=" ">
    <subfield code="a">198</subfield>
  </datafield>
  <datafield tag="365" ind1=" " ind2=" ">
    <subfield code="b">21</subfield>
  </datafield>
  <datafield tag="999" ind1=" " ind2=" ">
    <subfield code="c">981361</subfield>
    <subfield code="d">981358</subfield>
  </datafield>
</record>
